Т. 124: Геометрия; Современная математика и ее приложения

Bibliografiske detaljer
Parent link:Современная математика и ее приложения: тематические обзоры/ Российская академия наук (РАН), Всероссийский институт научной и технической информации (ВИНИТИ) ; под ред. Р. В. Гамкрелидзе. Т. 124: Геометрия.— , 1993-.— 0233-6723
Andre forfattere: Евтушик Л. Е. (составитель), Степанов С. Е.
Summary:К 100-летию со дня рождения Г. Ф. Лаптева
Sprog:russisk
Udgivet: 2010
Fag:
Format: MixedMaterials Bog
KOHA link:https://koha.lib.tpu.ru/cgi-bin/koha/opac-detail.pl?biblionumber=193454

MARC

LEADER 00000nam2a2200000 4500
001 193454
005 20231101224504.0
035 |a (RuTPU)RU\TPU\book\210986 
090 |a 193454 
100 |a 20110323d2010 k y0rusy50 ca 
101 0 |a rus 
102 |a RU 
105 |a a z 011zy 
200 0 |a Т. 124: Геометрия  |f сост. Л. Е. Евтушик, С. Е. Степанов 
210 |d 2010 
215 |a 328 с.  |c ил. 
300 |a К 100-летию со дня рождения Г. Ф. Лаптева 
320 |a Библиогр. в конце текста 
461 1 |0 (RuTPU)RU\TPU\book\162194  |x 0233-6723  |t Современная математика и ее приложения  |o тематические обзоры  |f Российская академия наук (РАН), Всероссийский институт научной и технической информации (ВИНИТИ) ; под ред. Р. В. Гамкрелидзе  |v Т. 124: Геометрия  |d 1993-   |s Итоги науки и техники 
600 1 |a Лаптев  |b Г. Ф.  |c российский математик  |f 1909-1972  |g Герман Федорович  |2 stltpush  |3 (RuTPU)RU\TPU\pers\26191  |9 11999 
606 1 |a Математика  |2 stltpush  |3 (RuTPU)RU\TPU\subj\67327  |9 83171 
610 1 |a тематические обзоры 
610 1 |a фундаментальные уравнения 
610 1 |a геодезические отображения 
610 1 |a поля Якоби 
610 1 |a структурные уравнения 
610 1 |a криволинейные три-ткани 
610 1 |a пфаффовые системы 
610 1 |a дифференцируемые многообразия 
610 1 |a тензоры 
610 1 |a дифференциальные уравнения 
610 1 |a метод Лаптева 
675 |a 51(01)  |v 3 
702 1 |a Евтушик  |b Л. Е.  |4 220 
702 1 |a Степанов  |b С. Е.  |4 220 
801 1 |a RU  |b 63413507  |c 20110323 
801 2 |a RU  |b 63413507  |c 20210623  |g RCR 
942 |c BK